Animal production in the tropics / (Record no. 16759)
[ view plain ]
| 000 -LEADER | |
|---|---|
| fixed length control field | 00482pam a2200157 a 4500 |
| 020 ## - INTERNATIONAL STANDARD BOOK NUMBER | |
| ISBN | 0030604826 : |
| 040 ## - CATALOGING SOURCE | |
| Transcribing agency | DLC |
| 082 00 - DEWEY DECIMAL CLASSIFICATION NUMBER | |
| Classification number | 636 PRA 1982 A106 Or. |
| 245 00 - TITLE STATEMENT | |
| Title | Animal production in the tropics / |
| 260 ## - PUBLICATION, DISTRIBUTION, ETC. (IMPRINT) | |
| Place of publication | New York : |
| Name of publisher | Praeger, |
| Year of publication | 1982. |
| 300 ## - PHYSICAL DESCRIPTION | |
| Number of Pages | xvi, 376 p. : |
| Other physical details | ill. ; |
| Dimensions | 25 cm. |
| 500 ## - GENERAL NOTE | |
| General note | Selected papers from a symposium held Feb. 21-25, 1981 at the University of Gezira, Wad Medani, Sudan. |
| 650 #0 - SUBJECT ADDED ENTRY--TOPICAL TERM | |
| Topical Term | Livestock |
| 700 1# - ADDED ENTRY--PERSONAL NAME | |
| Personal name | Yousef, Mohamed K. |
| 942 ## - ADDED ENTRY ELEMENTS (KOHA) | |
| Koha item type | សៀវភៅភាសាអង់គ្លេស |
| 952 ## - LOCATION AND ITEM INFORMATION (KOHA) | |
| Withdrawn status [LOCAL, KOHA] | 0 |
| Permanent Location | Date acquired | Koha item type | Lost status | Shelving location | Barcode | Current Location | Full call number |
|---|---|---|---|---|---|---|---|
| Library Block A | 2018-04-24 | សៀវភៅភាសាបារាំង | A109 | A13399 | Library Block A | 636 PRA 1982 A109 Or. |